000 00375pab a2200157 454500
008 180718b2009 xxu||||| |||| 00| 0 eng d
100 _aDatt, Ruddar
245 _aGlobal meltdown and its impact on the Indian economy
260 _c2009
300 _ap.9-13.
362 _a28 Mar
650 _aEconomic recession
773 _aMainstream
908 _aN
909 _a81803
999 _c81803
_d81803